• 首页
  • 本馆介绍
  • 公告通知
  • 最新文献
  • 馆藏检索
  • 电子资源
  • 读者导购
  • 参考咨询
  • 我的图书馆
  • 登录
  • 详细信息显示
  • 放入我的书架
  • 预约/预借图书
  • 作者相关作品
  • 分类相关作品
  • 丛书相关作品
  • 出版社相关作品

书目信息

  • 表格格式
  • 工作单格式
  • 卡片格式
题名:
党课精编精讲60篇
    
 
作者: 周永学 编著
分册:  
出版信息: 北京   中共党史出版社  2005
页数: 184页
开本: 21cm
丛书名:
单 册:
中图分类: D261.42
科图分类:
主题词: 党课
电子资源:
ISBN: 7-80199-269-5
000 01143nam0 2200313 450
000 01106nam0 2200301 450
000 01104nam0 2200313 450
000 01050nam0 2200289 450
000 01068nam0 2200277 450
000 01031nam0 2200265 45
001 TS2006042936
005 20070106152254.87
010    @a7-80199-269-5@dCNY15.00
100    @a20060829d2005 em y0chiy0110 ea
101 0  @achi
102    @aCN@b110000
105    @ay z 000yy
200 1  @a党课精编精讲60篇@ADang Ke Jing Bian Jing Jiang 60 Pian@f周永学编著@FZhou Yong Xue Bian Zhu
210    @a北京@c中共党史出版社@d2005
215    @a184页@d21cm
330    @a本书内容包括:共产党员要坚定理想信念、共产党员要始终坚持全心全意为人民服务的宗旨、共产党员要继承和发扬党的优良作风、共产党员要遵守和维护党的纪律、共产党员要充分发挥先锋模范作用等。
601 02 @a中国共产党@x党课@x学习参考资料
606 0  @a党课
690    @aD261.42@v4
701  0 @a周永学@AZhou Yong Xue@4编著
801  0 @aCN@b中图数据@c20070106
905    @a10447@dD261.42@e138
    
    党课精编精讲60篇/周永学编著.-北京:中共党史出版社,2005
    184页;21cm
    
    
    ISBN 7-80199-269-5:CNY15.00
    本书内容包括:共产党员要坚定理想信念、共产党员要始终坚持全心全意为人民服务的宗旨、共产党员要继承和发扬党的优良作风、共产党员要遵守和维护党的纪律、共产党员要充分发挥先锋模范作用等。
●
相关链接 在E读中查询图书 在五车中查询图书 在当当中查询图书 在豆瓣中查询图书


正题名:党课精编精讲60篇     索取号:D261.42/138         预约/预借

序号 登录号 条形码 馆藏地/架位号 状态 备注
1 0611923   206119234   第一样本阅览室/ [索取号:D261.42/138] 在馆    
2 0611924   206119243   第一借阅区/ [索取号:D261.42/138] 在馆    
3 0611925   206119252   第一借阅区/ [索取号:D261.42/138] 在馆    
4 0611926   206119261   第一借阅区/ [索取号:D261.42/138] 在馆    
5 0611927   206119270   第一借阅区/ [索取号:D261.42/138] 在馆    
唐山师范学院图书馆 欢迎您!
大连网信软件有限公司© 版权所有